00441 a2200109 4500001001000000005001700010008004100027245013000068100002300198773009300221999001700314ART_6154420260410162056.0260409a 10aEl alcance y la proyección de la sentencia de la Corte IDH en el caso “Asociación Civil Memoria Activa vs. Argentina”1 aFiumara, Franco M.0 tTemas de derecho penal y procesal penalg- Año 6, N° 10/11 (oct./nov. 2024)wREV60798 c36281d36281